Responses for Show #2250 - Friday, May 20, 1994

Contestants

[<< previous game]

Dennis Maxson, a private investigator from Studio City, California

Mike Hambly, an attorney originally from Burlington, Vermont

Pat Allen, a bartender and antiques dealer from Norco, California (whose 1-day cash winnings total $8,800)

[next game >>]

Jeopardy! Round responses

WORLD CITIES
SPORTS
MUSICAL INSTRUMENTS
ANATOMY
SHOPPING
"P.S."
    $100 1
Limerick

Dennis
    $100 20
spares

Mike
    $100 2
a ukulele

Dennis
    $100 5
the eyes

Mike
    $100 17
Providence

Pat
    $100 12
Peter Sellers

Dennis
    $200 25
India

Pat
    $200 21
hockey

Pat
    $200 3
drums

Dennis
    $200 6
sinuses

Dennis
    $200 18
the Metropolitan

Pat
    $200 13
Palm Sunday

Mike
    $300 26
Switzerland

Mike
    $300 24
basketball

Dennis
    $300 4
a harp

Pat
    $300 7
(Pat: What's your hip?)

the knee

PatMike
    $300 19
Richard Chamberlain

Mike
    $300 14
"Peggy Sue"

Mike
    $400 27
Innsbruck

Dennis
    $400 29
(Alex: Last year was not a good year for [*].)

the Mets

Triple Stumper
    $500 10
the cello & viola

Dennis
    $400 8
lungs

Dennis
    $400 22
Milan

Pat
    $400 15
Polish sausage

Mike
    $500 28
Quebec (City)

Pat
    $500 30
Jackie Joyner-Kersee

Pat
    $500 11
an electric guitar

Pat
    $500 9
(Mike: A tingling, funny sensation?)
[Laughter]
...
(Mike: Sorry, I was thinking of the funny bone, Alex.)
[Laughter]

your pulse

MikeDennis
    $500 23
Alberta

Mike
    $500 16
Puget Sound

Pat

Scores at the first commercial break (after clue 16):

Pat Mike Dennis
$1,000 $800 $2,100

Scores at the end of the Jeopardy! Round:

Pat Mike Dennis
$3,100 $2,000 $2,800

Double Jeopardy! Round responses

HAIL TO THE CHIEF
THEATRE
TRANSPORTATION
MYTHOLOGY
U.S. GEOGRAPHY
POE TALES
    $200 17
Jimmy Carter

Dennis
    $200 3
Swedish

Dennis
    $200 20
Spain

Mike
    $200 2
a centaur

Pat
    $200 8
Kentucky

Pat
    $200 1
"The Tell-Tale Heart"

Dennis
    $400 18
(Dennis: Who's John Quincy Adams?)
(Pat: Who is Harrison?)
(Alex: Be more specific.)

Benjamin Harrison

PatDennis
    $400 27
Oscar Wilde

Pat
    $400 22
walking

Pat
    $400 4
Hera

Mike
    $400 10
Carson City

Dennis
    $400 9
"The Purloined Letter"

Dennis
    $600 19
(Mike: Who is George Bush?)

John F. Kennedy

MikeDennis
    $600 28
Evita

Mike
    $600 23
diesel

Dennis
    $600 5
(Pat: Who is Apollo?)

Helios

Pat
Triple Stumper
    $600 11
Mount Whitney

Mike
    $600 14
"The Murders in the Rue Morgue"

Pat
    $800 21
Martin Van Buren

Pat
    $800 29
(Dennis: What is, um...)

Kiss of the Spider Woman

MikeDennis
    $800 24
Cunard

Dennis
    $800 6
harpies

Dennis
    $800 12
Oneida

Pat
    $1,500 15
[ERRATUM: "Montresor" was misspelled in the clue as shown.]

"The Cask of Amontillado"

Pat
    $1000 26
(Mike: Who is [*], from Vermont?)
(Alex: Getting another plug in for your home state. All right.)

Chester Arthur

Mike
    $1000 30
Uncle Vanya

Pat
    $1000 25
Hartsfield International Airport

Triple Stumper
    $1000 7
Hippolyta

Mike
    $1,500 13
(Mike: Why can't I get that one?)

Vermont

Pat
    $1000 16
"The Pit and the Pendulum"

Pat

Scores at the end of the Double Jeopardy! Round:

Pat Mike Dennis
$11,300 $6,000 $5,800

[wagering suggestions for these scores]

Final Jeopardy! Round responses

EXPLORERS
DennisWho is Hillary?
$5,300
MikeWho is Sir Ed Hillary
$5,900
PatWho was Hillary?
$700
Sir Edmund Hillary

Final scores:

Pat Mike Dennis
$12,000 $11,900 $11,100
2-day champion: $20,800 2nd place: trip to Avandaro, Mexico 3rd place: ride in Goodyear Blimp + Wheel of Fortune & Jeopardy! games for Super Nintendo & Sega Genesis

Game dynamics:

Coryat scores:

Pat Mike Dennis
$10,100 $6,000 $5,700
22 R
(including 2 DDs),
2 W
16 R,
2 W
19 R
(including 1 DD),
2 W

Combined Coryat: $21,800

[game clues] [game scores] [suggest correction]

Game tape date: 1994-01-19
The J! Archive is created by fans, for fans. Scraping, republication, monetization, and malicious use prohibited; this site may use cookies and collect identifying information. See terms. The Jeopardy! game show and all elements thereof, including but not limited to copyright and trademark thereto, are the property of Jeopardy Productions, Inc. and are protected under law. This website is not affiliated with, sponsored by, or operated by Jeopardy Productions, Inc. Join the discussion at JBoard.tv.